Copperbelt University, School of Business Sale of Goods Act 1893 (56 + 57 VICT. , c. 71) (Record no. 86379)

MARC details
000 -LEADER
fixed length control field 00709nam a2200205 4500
003 - CONTROL NUMBER IDENTIFIER
control field CBULib
005 - DATE AND TIME OF LATEST TRANSACTION
control field 20250818144335.0
008 - FIXED-LENGTH DATA ELEMENTS--GENERAL INFORMATION
fixed length control field 250818b |||||||| |||| 00| 0 eng d
040 ## - CATALOGING SOURCE
Original cataloging agency CBULib
Language of cataloging English
Transcribing agency CBULib
Description conventions rda
041 ## - LANGUAGE CODE
Language code of text/sound track or separate title eng
050 ## - LIBRARY OF CONGRESS CALL NUMBER
Classification number CBU-SB(02)1992/1
110 ## - MAIN ENTRY--CORPORATE NAME
9 (RLIN) 4712
Corporate name or jurisdiction name as entry element The Copperbelt University-School of Business(CBU-SB)
245 ## - TITLE STATEMENT
Title Copperbelt University, School of Business Sale of Goods Act 1893 (56 + 57 VICT. , c. 71)
Statement of responsibility, etc / by The Copperbelt University-School of Business(CBU-SB)
300 ## - PHYSICAL DESCRIPTION
Extent 15 pages
336 ## - CONTENT TYPE
Source rdacontent
Content type term Text |
Content type code txt
337 ## - MEDIA TYPE
Source rdamedia
Media type term Unmediated |
Media type code n
338 ## - CARRIER TYPE
Source rdacarrier
Carrier type term Volume
Carrier type code nc
650 #0 - SUBJECT ADDED ENTRY--TOPICAL TERM
9 (RLIN) 4761
Topical term or geographic name as entry element SALE OF GOOD ACT, 1893
942 ## - ADDED ENTRY ELEMENTS (KOHA)
Source of classification or shelving scheme
Koha item type UNIVERSITY COLLECTION
Holdings
Withdrawn status Lost status Source of classification or shelving scheme Damaged status Not for loan Collection code Permanent Location Current Location Shelving location Date acquired Source of acquisition Full call number Barcode Date last seen Copy number Price effective from Koha item type
          Special Collections CBU-MAIN LIBRARY, KITWE. CBU-MAIN LIBRARY, KITWE. Special Collections 08/18/2025 DEP-CBU CBU-SB(02)1992/1A B152942 08/18/2025 1 08/18/2025 UNIVERSITY COLLECTION
          Special Collections CBU-MAIN LIBRARY, KITWE. CBU-MAIN LIBRARY, KITWE. Special Collections 08/18/2025 DEP-CBU CBU-SB(02)1992/1B B152943 08/18/2025 2 08/18/2025 UNIVERSITY COLLECTION
          Special Collections CBU-MAIN LIBRARY, KITWE. CBU-MAIN LIBRARY, KITWE. Special Collections 08/18/2025 DEP-CBU CBU-SB(02)1992/1C B152944 08/18/2025 3 08/18/2025 UNIVERSITY COLLECTION